|
|
|
|
| LEADER |
01674nam a2200373 i 4500 |
| 001 |
3014 |
| 003 |
BD-DhAAL |
| 005 |
20160428101125.0 |
| 008 |
151013t20142014qeaab b 001 0 eng |
| 020 |
|
|
|a 0471145319
|
| 020 |
|
|
|a 9781118362525
|
| 035 |
|
|
|a 6161056
|
| 040 |
|
|
|a ANL
|b eng
|e rda
|d ANL
|d BD-DhAAL
|
| 082 |
0 |
4 |
|a 658.0095
|2 23
|
| 100 |
1 |
|
|a Schermerhorn, John R.,
|c Jr.,
|e author.
|9 15415
|
| 245 |
1 |
0 |
|a Case supplement to accompany Management /
|c Schermerhorn, Davidson, Poole, Woods, Simon, McBarron.
|
| 250 |
|
|
|a fifth edition
|
| 260 |
|
|
|a New York :
|b J. Wiley & Sons,
|c ©1996.
|
| 300 |
|
|
|a 93 p. :
|b colour illustrations, maps, portraits ;
|c 26 x 22 cm
|
| 504 |
|
|
|a Includes bibliographical references and index.
|
| 541 |
|
|
|e 3014
|
| 650 |
|
0 |
|a Management
|z Asia.
|9 1959
|
| 650 |
|
0 |
|a Management
|z Pacific Area.
|9 1960
|
| 653 |
|
|
|a Australian
|
| 700 |
1 |
|
|a Davidson, Paul,
|e author.
|9 15416
|
| 700 |
1 |
|
|a Poole, David,
|e author.
|9 15417
|
| 700 |
1 |
|
|a Woods, Peter,
|e author.
|9 15418
|
| 700 |
1 |
|
|a Simon, Alan,
|e author.
|9 15419
|
| 700 |
1 |
|
|a McBarron, Ellen,
|e author.
|9 15420
|
| 942 |
|
|
|2 ddc
|c BK
|
| 999 |
|
|
|c 35787
|d 35787
|
| 952 |
|
|
|0 0
|1 0
|2 ddc
|4 0
|6 658_009500000000000_SCH
|7 0
|9 56290
|a SCL
|b SCL
|c GEN
|d 2015-10-13
|e Gift: The Asia Foundation
|l 0
|o 658.0095 SCH
|p 3020003014
|r 2015-10-13
|t 1
|w 2015-10-13
|y BK
|
| 952 |
|
|
|0 0
|1 0
|2 ddc
|4 0
|6 658_009500000000000_SCH
|7 0
|9 56291
|a SCL
|b SCL
|c GEN
|d 2015-10-13
|e Gift: The Asia Foundation
|l 1
|m 6
|o 658.0095 SCH
|p 3020003012
|r 2018-11-28
|s 2018-09-30
|t 2
|w 2015-10-13
|y BK
|
| 952 |
|
|
|0 0
|1 0
|2 ddc
|4 0
|6 658_009500000000000_SCH
|7 0
|9 58874
|a SCL
|b SCL
|c GEN
|d 2016-04-28
|e Gift: The Asia Foundation
|l 0
|o 658.0095 SCH
|p 3020003013
|r 2016-04-28
|t 3
|w 2016-04-28
|y BK
|